000 00392nam a2200133Ia 4500
005 20260328101525.0
008 260328s9999||||xx |||||||||||||| ||und||
100 _aBalbontin de Arce, Tomás
245 0 _aSevilla 1992 :
_b Crónica de una trasFormación Urbana /
_cTomás Balbontin de Arce
260 _bGerencia Municipal de Urbanismo
300 _a129 p.
650 _aURBANISMO
942 _cBK
999 _c9747
_d9747